000 00232nam a22001217a 4500
082 _a821
_bDAR/P
100 _aDARUWALLA, KEKI N
245 _aPOETRY MAGIC
260 _bRATNA SAGAR
300 _a72
650 _aPOETRY
942 _cBK
999 _c3894
_d3894